书目信息 |
| 题名: |
激波和高温流体力学现象物理学
|
|
| 作者: | 泽尔道维奇 , 莱依捷尔 著 ;张树材 译 | |
| 分册: | 下册 | |
| 出版信息: | 北京 科学出版社 1985 |
|
| 页数: | 442页 | |
| 开本: | 21cm | |
| 丛书名: | 力学丛书 | |
| 单 册: | ||
| 中图分类: | O354.5 , O351.2 | |
| 科图分类: | ||
| 主题词: | 激波 , 高温--流体动力学 | |
| 电子资源: | ||
| ISBN: | 978-7-03-046977-9 | |
| 000 | 01504oam2 2200337 450 | |
| 001 | 0120161801412 | |
| 005 | 20170424082632.03 | |
| 010 | @a978-7-03-046977-9@dCNY118.00 | |
| 010 | @a978-7-03-047058-4@dCNY4084.00(全33册) | |
| 100 | @a20160321d1985 em y0chiy50 ea | |
| 101 | 1 | @achi@crus |
| 102 | @aCN@b110000 | |
| 105 | @aa z 000yy | |
| 106 | @ar | |
| 200 | 1 | @a激波和高温流体力学现象物理学@9ji bo he gao wen liu ti li xue xian xiang wu li xue@h下册@f(苏)Я.Б. 泽尔道维奇,(苏)Ю.П. 莱依捷尔著@g张树材译 |
| 210 | @a北京@c科学出版社@d1985@h2016印 | |
| 215 | @a442页@c图@d21cm | |
| 225 | 2 | @a力学丛书@e典藏版@v20 |
| 312 | @a版权页俄文共同题名:Фиэика ударных волн н высокотемпературных гидродинамических явлений Я Б Эелъдовнч Ю П Райэер | |
| 330 | @a本书介绍了气体动力学基础、激波理论和辐射输运理论。对于高温高压下物质的热力学和光学性质、离解和电离等一些非平衡过程的动力论、在激波中和爆炸时所出现的与光辐射和辐射热交换有关的各种现象等。 | |
| 333 | @a本书可供从事应用物理和新技术的物理工作者 | |
| 461 | 0 | @12001 @a力学丛书@v20 |
| 606 | 0 | @a激波 |
| 606 | 0 | @a高温@x流体动力学 |
| 690 | @aO354.5@v5 | |
| 690 | @aO351.2@v5 | |
| 701 | 0 | @c(苏)@a泽尔道维奇@9ze er dao wei qi@c(Эелъдовнч, Я.Б.)@4著 |
| 701 | 0 | @c(苏)@a莱依捷尔@9lai yi jie er@c(Райэер, Ю.П.)@4著 |
| 702 | 0 | @a张树材@9zhang shu cai@4译 |
| 801 | 0 | @aCN@b人天书店@c20160321 |
| 905 | @b988688-90@dO354.5@e21:2@f3 | |
| 激波和高温流体力学现象物理学.下册/(苏)Я.Б. 泽尔道维奇,(苏)Ю.П. 莱依捷尔著/张树材译.-北京:科学出版社,1985(2016印) |
| 442页:图;21cm.-(力学丛书:典藏版;20) |
| 使用对象:本书可供从事应用物理和新技术的物理工作者 |
| ISBN 978-7-03-046977-9:CNY118.00 |
| 本书介绍了气体动力学基础、激波理论和辐射输运理论。对于高温高压下物质的热力学和光学性质、离解和电离等一些非平衡过程的动力论、在激波中和爆炸时所出现的与光辐射和辐射热交换有关的各种现象等。 |
| ● |
| 相关链接 |
|
|
|
|
正题名:激波和高温流体力学现象物理学
索取号:O354.5/21:2
 
预约/预借
| 序号 | 登录号 | 条形码 | 馆藏地/架位号 | 状态 | 备注 |
| 1 | 988688 | 209886881 | 第二样本阅览室/ [索取号:O354.5/21:2] | 在馆 | |
| 2 | 988689 | 209886890 | 密集书库-物理学院/ [索取号:O354.5/21:2] | 在馆 | |
| 3 | 988690 | 209886907 | 第三借阅区/ [索取号:O354.5/21:2] | 在馆 |